[Event "Nahariagun op 21st"]
[Site "Nahariagun"]
[Date "2023.10.23"]
[Round "4"]
[White "Dupit, Tachung"]
[Black "Dupit, Tabu"]
[Result "0-1"]
[WhiteElo "1634"]
[BlackElo "1862"]
[PlyCount "49"]
[EventDate "2023.10.21"]
[EventType "swiss"]
[EventRounds "9"]
[EventCountry "IND"]
[SourceTitle "Mega2024 Update 01"]
[Source "Chessbase"]
[SourceDate "2023.11.12"]
[SourceVersion "1"]
[SourceVersionDate "2023.11.12"]
[SourceQuality "1"]

1. d4 Nf6 2. c4 g6 3. g3 Bg7 4. Bg2 0-0 5. Nf3 d6 6. 0-0 c6 7. Nc3 Qc7 8. Qc2 e5 9. e3 Bf5 10. e4 Bg4 11. Be3 Nbd7 12. Nd2 Rfe8 13. Rac1 Nf8 14. h3 Bd7 15. d5 a6 16. b4 Nh5 17. c5 f5 18. dxc6 bxc6 19. cxd6 Qxd6 20. Bc5 Qf6 21. exf5 gxf5 22. Qd1 Qf7 23. Nc4 Qxc4 24. Bxf8 Rxf8 25. Nb1 0-1

[Event "New Delhi Parsvnath op-B 17th"]
[Site "New Delhi"]
[Date "2019.01.10"]
[Round "5"]
[White "Dupit, Tabu"]
[Black "Ashish, Raj"]
[Result "1/2-1/2"]
[WhiteElo "1821"]
[BlackElo "1724"]
[PlyCount "107"]
[EventDate "2019.01.09"]
[EventType "swiss"]
[EventRounds "10"]
[EventCountry "IND"]
[SourceTitle "CBM 189 Extra"]
[Source "ChessBase"]
[SourceDate "2019.06.03"]
[SourceVersion "1"]
[SourceVersionDate "2019.06.03"]
[SourceQuality "1"]

1. d4 d5 2. Nf3 Nf6 3. g3 g6 4. Bg2 Bg7 5. c4 e6 6. Bg5 h6 7. Bd2 0-0 8. Nc3 Ne4 9. Be3 c5 10. cxd5 exd5 11. 0-0 Nxc3 12. bxc3 c4 13. Ne5 Nc6 14. Qd2 Kh7 15. Rab1 f6 16. Nxc6 bxc6 17. Bf4 Bf5 18. Rb7 g5 19. Be3 Qc8 20. Rb2 Rb8 21. f3 Qa6 22. Qc1 Qa3 23. Rxb8 Qxc1 24. Bxc1 Rxb8 25. e4 Bg6 26. Re1 Rb1 27. Kf2 Ra1 28. a3 Bf8 29. exd5 cxd5 30. Bh3 Bf7 31. Bf5+ Kg8 32. h4 Bxa3 33. Bxa3 Rxa3 34. Rc1 Kf8 35. Ke3 Ke7 36. hxg5 hxg5 37. f4 a5 38. Kd2 Ra2+ 39. Rc2 Rxc2+ 40. Kxc2 Be6 41. Bg6 Bf7 42. Bf5 Be6 43. Bg6 Kf8 44. f5 Bf7 45. Bxf7 Kxf7 46. g4 Ke7 47. Kb2 Kd7 48. Ka3 Kc7 49. Ka2 Kb6 50. Ka3 Kb5 51. Ka2 Ka6 52. Kb2 Kb5 53. Ka3 Ka6 54. Kb2 1/2-1/2